000 00351nam a2200133 i 4500
001 bg
100 1 _aWEROŃSKI, Wiesław
245 0 _aNowe analityczne aspekty procesu walcowania na gorąco profili /
_cWiesław Weroński.
260 _aLublin,
_c1980.
040 _cBPK
041 _apol
942 _cKS
008 s pl f |000 0 pol
999 _c20392
_d20392
856 _uhttp://koha.tu.koszalin.pl/cgi-bin/koha/opac-detail.pl?biblionumber=20392
_yKatalog online BPK